000 00774nam a22002297a 4500
003 0
005 20231023121025.0
008 231023b xxu||||| |||| 00| 0 eng d
020 _a978-1-265-04940-9
050 _aHD 58.7
_b.C65 2023
100 _aColquitt, Jason
245 _aOrganizational behavior : improving performance and commitment in the workplace
_cJason Colquitt
250 _aEighth edition
260 _aNew York
_bMcGraw Hill, LLC
_cc2023.
300 _axxi, 610 pages :
_bcolored illustrations ;
_c28 cm.
500 _aOrganizational behavior.
504 _aIncludes bibliographical references, glossary, and index.
650 _aOrganizational behavior.
650 _aPersonnel management.
650 _aStrategic planning.
942 _2lcc
_cBK
999 _c365541
_d365541